000 00465nam a2200181Ia 4500
005 20250603144911.0
008 250603s9999 xx 000 0 und d
020 _a9780183671
050 _aHG 5881 .A23/
100 _aAbdu, Suleyman Ndanusa
245 0 _aEssays in the Nigeria capital market
260 _aAbuja, Nigeria.
260 _bMacmillan Nigeria Publishers Limited
260 _c2004
300 _a282 p
650 _aAbuja, Nigeria.
942 _cBK
999 _c40284
_d40284